[Event "Titled Tuesday intern op 28th Feb Late"]
[Site "Chess.com INT"]
[Date "2023.02.28"]
[Round "10"]
[White "Awoki, Daniel Teidi"]
[Black "Pino Perez, Lazaro"]
[Result "0-1"]
[WhiteElo "2152"]
[BlackElo "2142"]
[PlyCount "80"]
[EventDate "2023.02.28"]
[EventType "swiss (blitz)"]
[EventRounds "11"]
[EventCountry "USA"]
[SourceTitle "CBM 213 Extra"]
[Source "ChessBase"]
[SourceDate "2023.05.31"]
[SourceVersion "1"]
[SourceVersionDate "2023.05.31"]
[SourceQuality "1"]

1. e4 c5 2. Nf3 g6 3. d4 cxd4 4. Nxd4 Nc6 5. c4 Nf6 6. Nc3 d6 7. Be2 Nxd4 8. Qxd4 Bg7 9. Qe3 0-0 10. 0-0 Qa5 11. Bd2 Bd7 12. h3 Rfc8 13. Rac1 Qb6 14. Qxb6 axb6 15. b3 Bc6 16. f3 Nd7 17. a4 Nc5 18. Rb1 e6 19. Rfd1 f5 20. exf5 gxf5 21. Be1 Be5 22. Na2 Nxb3 23. Rxb3 Bxa4 24. Nc1 Bxb3 25. Nxb3 Ra3 26. Nd4 Ra1 27. Nxe6 Rxd1 28. Bxd1 Kf7 29. Ng5+ Kf6 30. Bh4 Rxc4 31. f4 Rc1 32. fxe5+ Kxe5 33. Nf3+ Kd5 34. Bf2 Rxd1+ 35. Kh2 b5 36. Ng5 b4 37. Nxh7 b3 38. Nf6+ Ke6 39. Ne8 b2 40. Nc7+ Kd7 0-1

[Event "Titled Tuesday intern op 28th Feb Late"]
[Site "Chess.com INT"]
[Date "2023.02.28"]
[Round "6"]
[White "Awoki, Daniel Teidi"]
[Black "Vidal del Rio, Manuel"]
[Result "1-0"]
[WhiteElo "2152"]
[BlackElo "2102"]
[PlyCount "83"]
[EventDate "2023.02.28"]
[EventType "swiss (blitz)"]
[EventRounds "11"]
[EventCountry "USA"]
[SourceTitle "CBM 213 Extra"]
[Source "ChessBase"]
[SourceDate "2023.05.31"]
[SourceVersion "1"]
[SourceVersionDate "2023.05.31"]
[SourceQuality "1"]

1. e4 e5 2. Nf3 Nc6 3. d4 exd4 4. Nxd4 Nf6 5. Nxc6 bxc6 6. e5 Qe7 7. Qe2 Nd5 8. c4 Ba6 9. g3 g6 10. Bg2 Bg7 11. 0-0 0-0 12. Re1 Rae8 13. f4 Qc5+ 14. Qf2 Qxf2+ 15. Kxf2 Bxc4 16. Nd2 Ba6 17. Ne4 Nb4 18. Nc5 Nd3+ 19. Nxd3 Bxd3 20. Be3 Rb8 21. b3 f6 22. Rad1 Bb5 23. exf6 Bxf6 24. Rxd7 Rf7 25. Red1 Be7 26. Bh3 Kf8 27. Be6 Rf6 28. Bh3 g5 29. Bd4 Rd6 30. Rxd6 cxd6 31. f5 c5 32. Bc3 Kf7 33. Bg2 a5 34. Bd5+ Kf8 35. f6 Bd8 36. Be6 a4 37. Rxd6 axb3 38. axb3 c4 39. bxc4 Bc7 40. Rd2 Bc6 41. Bd4 Re8 42. Bc5+ 1-0

[Event "Titled Tuesday intern op 28th Feb Late"]
[Site "Chess.com INT"]
[Date "2023.02.28"]
[Round "2"]
[White "Bilan, Danila"]
[Black "Awoki, Daniel Teidi"]
[Result "1-0"]
[WhiteElo "2303"]
[BlackElo "2152"]
[PlyCount "53"]
[EventDate "2023.02.28"]
[EventType "swiss (blitz)"]
[EventRounds "11"]
[EventCountry "USA"]
[SourceTitle "CBM 213 Extra"]
[Source "ChessBase"]
[SourceDate "2023.05.31"]
[SourceVersion "1"]
[SourceVersionDate "2023.05.31"]
[SourceQuality "1"]

1. d4 Nf6 2. Nf3 e6 3. g3 d5 4. Bg2 Be7 5. 0-0 0-0 6. c4 dxc4 7. Qc2 a6 8. Qxc4 b5 9. Qc2 Bb7 10. Bf4 Nd5 11. Ne5 Nd7 12. Nc6 Bxc6 13. Qxc6 Nxf4 14. gxf4 Nb6 15. e3 Rc8 16. Nc3 Qd6 17. Rac1 Nc4 18. b3 Na5 19. Qf3 c5 20. Ne4 Qb6 21. dxc5 Bxc5 22. Qh5 Ba3 23. Rxc8 Rxc8 24. Ng5 h6 25. Qxf7+ Kh8 26. Nxe6 Qb7 27. Bxb7 1-0

[Event "Titled Tuesday intern op 28th Feb Late"]
[Site "Chess.com INT"]
[Date "2023.02.28"]
[Round "4"]
[White "Brandao, Marcius Gomes"]
[Black "Awoki, Daniel Teidi"]
[Result "0-1"]
[WhiteElo "1973"]
[BlackElo "2152"]
[PlyCount "82"]
[EventDate "2023.02.28"]
[EventType "swiss (blitz)"]
[EventRounds "11"]
[EventCountry "USA"]
[SourceTitle "CBM 213 Extra"]
[Source "ChessBase"]
[SourceDate "2023.05.31"]
[SourceVersion "1"]
[SourceVersionDate "2023.05.31"]
[SourceQuality "1"]

1. d4 Nf6 2. c4 e6 3. Nc3 d5 4. cxd5 exd5 5. Bg5 Nbd7 6. e3 Be7 7. Bd3 c6 8. Qc2 0-0 9. Nge2 Re8 10. 0-0 Nf8 11. f3 h6 12. Bh4 Ne6 13. Rad1 a6 14. a3 c5 15. Qc1 cxd4 16. Nxd4 Nxd4 17. exd4 Be6 18. Bb1 Nd7 19. Qc2 Nf8 20. Bxe7 Qxe7 21. Rfe1 Qd6 22. Na4 Rac8 23. Qb3 b5 24. Nc3 Rc4 25. Bd3 Rcc8 26. Qc2 Qb6 27. Qf2 Red8 28. h3 g6 29. Ne2 Kg7 30. Nf4 Rc7 31. Bb1 Rcd7 32. Nd3 Rc7 33. Qe3 Bf5 34. Ne5 Bxb1 35. Rxb1 Ne6 36. f4 Qxd4 37. Qxd4 Nxd4 38. Rbd1 Ne6 39. f5 gxf5 40. Nd3 Rc2 41. Nf4 Nxf4 0-1

[Event "Titled Tuesday intern op 28th Feb Early"]
[Site "Chess.com INT"]
[Date "2023.02.28"]
[Round "1"]
[White "Kim, Sergey2222"]
[Black "Awoki, Daniel Teidi"]
[Result "1-0"]
[WhiteElo "2295"]
[BlackElo "2152"]
[PlyCount "85"]
[EventDate "2023.02.28"]
[EventType "swiss (blitz)"]
[EventRounds "11"]
[EventCountry "USA"]
[SourceTitle "CBM 213 Extra"]
[Source "ChessBase"]
[SourceDate "2023.05.31"]
[SourceVersion "1"]
[SourceVersionDate "2023.05.31"]
[SourceQuality "1"]

1. d4 Nf6 2. c4 e6 3. Nc3 Be7 4. e4 d6 5. Bd3 Nbd7 6. Nge2 e5 7. d5 a5 8. Ng3 Nc5 9. Bc2 0-0 10. 0-0 c6 11. h3 cxd5 12. exd5 Ne8 13. Nf5 Bxf5 14. Bxf5 g6 15. Bc2 f5 16. f4 e4 17. Be3 Bf6 18. Qd2 b6 19. Nb5 Nc7 20. Nd4 Qd7 21. a4 N7a6 22. Ra3 Nb4 23. Bb1 Qg7 24. Kh1 Nbd3 25. Ne6 Nxe6 26. Bxd3 Nc5 27. Bxc5 bxc5 28. Be2 Bxb2 29. Rb3 Rfb8 30. Rxb8+ Rxb8 31. Qxa5 Qb7 32. Rb1 Qc8 33. Qa7 Rb7 34. Qa6 Qb8 35. a5 Ra7 36. Qb6 Rb7 37. Qc6 Rb4 38. a6 Bd4 39. Rf1 Rb6 40. Qa4 Qa7 41. Qe8+ Kg7 42. g4 fxg4 43. f5 1-0